000 00296nam a22001337a 4500
008 180801b xxu||||| |||| 00| 0 eng d
082 _a813.52
245 _aMusic an Appreciation
_cKamien,R
260 _c2008
300 _a5
_fCD
440 _x9780073265452
760 _b9th
942 _2ddc
_cMX
999 _c46701
_d46701